000 01256nam a22003377a 4500
003 CHAP
005 20220329140005.0
008 971013s1968 r 00010 d
010 _a45159
011 _a46131
035 _a50271
040 _cCHAP
082 _a538.79725
_bU55 1967
110 _aUniversidad Nacional Autónoma de México. Instituto de Geofísica
_9116547
245 _aObservatorio magnético de Teoloyucan
_b: valores magnéticos para el año 1967
260 _aMéxico, D.F. :
_bLa Universidad,
_c1968
300 _a99 p.
_b; mapa
490 _aApéndice II de los Anales del Instituto de Geofísica, vol. 13, 1968
590 _aBATCH-UPD
_b10
_c20130110
_lUCH01
_h0127
590 _aBATCH-UPD
_b10
_c20130110
_lUCH01
_h1021
590 _aBATCH-UPD
_b10
_c20130409
_lUCH01
_h2121
590 _aBATCH-UPD
_b10
_c20130410
_lUCH01
_h0626
590 _aBATCH-UPD
_b10
_c20130914
_lUCH01
_h1139
590 _aCONVERSION
_b10
_c20130109
_lUCH01
_h1325
650 1 4 _aDeclinación magnética.
_931481
650 1 4 _aMagnetismo.
_969857
830 0 _aApendice II de los Anales del Instituto de Geofisica, vol. 13, 1968
_96318
901 _aBK
942 _cLIBRO
949 _a538.79725 U55 1967
_bBC
_cLIBRO
_d33724000399739
_eLIBRO
_h32065
_i50271
_mD
_si
999 _c45159
_d45159